| 000 | 02264nam a2200649 a 4500 | ||
|---|---|---|---|
| 001 | 20555 | ||
| 003 | VRT | ||
| 005 | 20260126122147.0 | ||
| 008 | 240314s2014 xo ba g 000 0 slo | ||
| 015 | _aSNBA2014/05 | ||
| 020 |
_a9788081422645 _q(viaz.) |
||
| 035 | _aD11AF748-A893-4761-8487-28A08B07B8C5 | ||
| 035 | _aurn:nbn:sk:snk-amktrx | ||
| 035 | _aurn:nbn:sk:snk-am004rxz | ||
| 039 | 9 |
_a202403141136 _bVLOAD _c201606101255 _dVLOAD _c201604291221 _dVLOAD _c201604271603 _dVLOAD |
|
| 040 |
_aSVKBB _bslo _cSVKBB _dSNK _eAACR2 |
||
| 041 | 1 |
_aslo _hger |
|
| 044 |
_axo _cSK |
||
| 072 | 7 |
_a2-23/-27 _xBiblia. Biblistika _2konspekt |
|
| 072 | 7 |
_a821-93 _xLiteratúra pre deti a mládež (beletria) _2konspekt |
|
| 080 |
_a27-236.5 _22001 |
||
| 080 |
_a27-236 _22001 |
||
| 080 |
_a831-93 _22001 |
||
| 080 |
_a(0:82-32) _22001 |
||
| 080 |
_a27-277.2 _22001 |
||
| 100 | 1 |
_aJooß, Erich _4aut |
|
| 240 | 1 | 4 |
_aDie Bibel erzählt für Kinder _lSlovensky |
| 245 | 1 | 0 |
_aBiblia pre deti _cpríbehy prerozprával Erich Jooß ; ilustrovala Ute Thönissenová |
| 250 | _a1. vyd. | ||
| 260 |
_aBratislava _bFortuna Libri _cc2014 |
||
| 300 |
_a223 s. _bfareb. ilustr., mp. _c24 cm |
||
| 504 | _aSkrat. biblických kníh | ||
| 630 | 7 |
_aBiblia _2SNKPH |
|
| 630 | 7 |
_aBible _2SNKPHeng |
|
| 650 | 0 | 7 |
_abiblické udalosti _2SNKPH |
| 650 | 0 | 7 |
_abiblické príbehy _2SNKPH |
| 650 | 0 | 7 |
_aBiblical events _2SNKPHeng |
| 650 | 0 | 7 |
_aBible persons _2SNKPHeng |
| 650 | 0 | 7 |
_abiblické postavy _2SNKPH |
| 650 | 0 | 7 |
_abiblické parafrázy _2SNKPH |
| 650 | 0 | 7 |
_abiblické citáty _2SNKPH |
| 650 | 0 | 7 |
_aBible stories _2SNKPHeng |
| 650 | 0 | 7 |
_aBiblical paraphrases _2SNKPHeng |
| 650 | 0 | 7 |
_aBiblical quotations _2SNKPHeng |
| 655 | 7 |
_apríbehy _2SNKPH |
|
| 655 | 7 |
_aChildren's literature _2SNKPHeng |
|
| 655 | 7 |
_apublikácie pre deti _2SNKPH |
|
| 655 | 7 |
_aStories _2SNKPHeng |
|
| 700 | 1 |
_aThönissen, Ute _4ill |
|
| 910 | _ahevk | ||
| 942 |
_2ddc _cKLDE _n0 |
||
| 949 |
_6270001000443271 _asvkbbB 51415 _bsvkbbm 744070 |
||
| 949 |
_617A1109120 _asnkSC 159344 _bsnk2014/10496 _o954/14 _s6100:20140925 |
||
| 949 |
_617A1109121 _asnkSC 159344 D1 _bsnk2014/10497 _o954/14 |
||
| 949 |
_62889209786 _asavukPV 18874 _bsavuk2014/1051 |
||
| 999 |
_c20555 _d20555 |
||